The English people on the eve of colonization 1603-1630 / (Record no. 8044)

MARC details
000 -LEADER
fixed length control field 00662nam a22002052 4500
001 - CONTROL NUMBER
control field 0000011724
005 - DATE AND TIME OF LATEST TRANSACTION
control field 20151217152100.0
008 - FIXED-LENGTH DATA ELEMENTS--GENERAL INFORMATION
fixed length control field 090106s xx 000 0 eng d
040 ## - CATALOGING SOURCE
Original cataloging agency KABU
Transcribing agency KABU
100 1# - MAIN ENTRY--PERSONAL NAME
Personal name Notestein, Wallace.
-- 0000167714
245 14 - TITLE STATEMENT
Title The English people on the eve of colonization 1603-1630 /
Statement of responsibility, etc. Wallace Notestein.
250 ## - EDITION STATEMENT
Edition statement 1st ed.
260 ## - PUBLICATION, DISTRIBUTION, ETC. (IMPRINT)
Place of publication, distribution, etc. New York :
Name of publisher, distributor, etc. Harper & Row,
Date of publication, distribution, etc. 1962.
300 ## - PHYSICAL DESCRIPTION
Extent xv, 302 p.
651 #0 - SUBJECT ADDED ENTRY--GEOGRAPHIC NAME
Geographic name Great Britain
General subdivision History
Chronological subdivision 1603-1649.
-- 0000167715
651 #0 - SUBJECT ADDED ENTRY--GEOGRAPHIC NAME
Geographic name England
General subdivision Civilization
Chronological subdivision 17th century.
-- 0000148862
852 1# - LOCATION
-- p300 KES
908 ## - PUT COMMAND PARAMETER (RLIN)
Put command parameter 090106
950 ## - LOCAL HOLDINGS (RLIN)
-- 1
Holdings
Withdrawn status Lost status Source of classification or shelving scheme Not for loan Home library Current library Date acquired Total Checkouts Full call number Barcode Date last seen Price effective from Koha item type
    Library of Congress Classification   Kabarak, Main Campus Kabarak, Main Campus 17/12/2015   DA380 .N68 c. 1 15925 17/12/2015 17/12/2015 General Collection
Designed with assistance from East African Informatics Ltd